Selected Stories/ (Record no. 177249)

MARC details
000 -LEADER
fixed length control field 00603nam a22001937a 4500
005 - DATE AND TIME OF LATEST TRANSACTION
control field 20210216110149.0
010 ## - LCCN (DPL NO)
LC control number ENG-128990
020 ## - INTERNATIONAL STANDARD BOOK NUMBER
Terms of availability 425.00
International Standard Book Number 978-81-938193-5-7
035 ## - SYSTEM CONTROL NUMBER
System control number EN-112522
037 ## - SOURCE OF ACQUISITION
Source of stock number/acquisition DBAD/PUB
082 ## - DEWEY DECIMAL CLASSIFICATION NUMBER
Classification number s
100 ## - MAIN ENTRY--PERSONAL NAME
Personal name Maupassant, Guy de
245 ## - TITLE STATEMENT
Title Selected Stories/
Statement of responsibility, etc Guy de Maupassant
260 ## - PUBLICATION, DISTRIBUTION, ETC. (IMPRINT)
Place of publication, distribution, etc Delhi
Name of publisher, distributor, etc Universal Press
Date of publication, distribution, etc 2021
270 ## - ADDRESS
City Delhi
Address B-109, 3rd Floor, Preet Vihar
Postal code 110092
Electronic mail address universalpressdel@gmail.com
300 ## - PHYSICAL DESCRIPTION
Extent 208p.
Dimensions 22cm(hbk)
500 ## - GENERAL NOTE
General note Compiler and Editor: Saurabh Kaushik<br/>Cover Design By: Surendra Goswami
942 ## - ADDED ENTRY ELEMENTS (KOHA)
Source of classification or shelving scheme Dewey Decimal Classification
Item type English Books
Classification part S
Call number suffix MAU
Holdings
Withdrawn status Lost status Not for loan Collection code Home library Current library Date acquired Source of acquisition Cost, normal purchase price Full call number Barcode Copy number Cost, replacement price Koha item type
      Fiction Ashok Vihar Ashok Vihar 16/02/2021 DBAD/PUB 425.00 S MAU EN-112522 1 425.00 English Books

© Delhi Public Library
Hit Counter
free hit counter